April 8th: Birthdays - Statistics

General Stats
  • This quiz has been taken 6 times
  • The average score is 2 of 8
Answer Stats
Year Clue Answer % Correct
1918 First Lady of the USA Betty Ford
67%
1966 Actress in Princess Bride Robin Wright
67%
1460 First European to discover Florida Juan Ponce de Leon
50%
1938 UN Secratery/General Kofi Annan
33%
1892 Actress in Poor Little Rich Girl Mary Pickford
17%
1886 Winner of 1921 US Open/1925 British Open Jim Barnes
0%
1948 Was on the FBI's Most Wanted list Robert Litchfield
0%
1947 Part of the rock group Asia Steve Howe
0%
No matching quizzes found
Score Distribution
Percent of People with Each Score
Percentile by Number Answered
Your Score History
You have not taken this quiz